000 00601cam a22002171 4500
001 sa 64008482
003 DLC
005 20260227112054.0
008 850617s1964 ii 000 1 benx
010 _asa 64008482
025 _aPL480:I-B-1453
035 _a(OCoLC)13888800
040 _aDLC
_cNN
_dDLC
050 0 0 _aPK1718.S477
_bR3
100 1 _aSenagupta, Acintyakumāra,
_d1903-1976.
245 1 0 _aRāṅā dhulo.
_c[Lekhaka] Acintyakumāra Senagupta.
260 _aKalikātā,
_bEma. Si. Sarakāra
_c[1964]
300 _a170 p.
_c22 cm.
500 _aIn Bengali.
500 _aShort stories.
999 _c60888
_d60888